[Event "AUTO-INT-2934"]
[Site "http://www.queenalice.com/game.php?id=1328073"]
[Date "2014.12.14"]
[Round "1"]
[White "mp3"]
[Black "DJefferis"]
[Result "0-1"]
[WhiteElo "1568"]
[BlackElo "1199"]

1. e4 e5 2. Qh5 Nc6 3. Bc4 g6 4. Qf3 Nf6 5. d3 a6 6. Qd1 Na5 7. Bg5 Nxc4 8. dxc4
Bg7 9. Bxf6 Bxf6 10. Nf3 d6 11. Nc3 Bg4 12. h3 Be6 13. b3 O-O 14. O-O Bg7 15.
Nd5 c6 16. Nc3 f5 17. exf5 Bxf5 18. a4 e4 19. Nh2 Bxc3 20. Rb1 d5 21. cxd5 Qxd5
22. f3 Qxd1 23. Rbxd1 exf3 24. Nxf3 Ba5 25. c4 Rab8 26. Ne5 Rfe8 27. Nf3 Bc2 28.
Rc1 Be4 29. Kh2 Rf8 30. Kh1 Bxf3 31. gxf3 Rf7 32. Kg2 Rd8 33. Rb1 Rd2+ 34. Kg3
Bc7+ 35. Kg4 Rg2+ 36. Kh4 Bd8# 0-1

[Event "AUTO-INT-2934"]
[Site "http://www.queenalice.com/game.php?id=1328074"]
[Date "2014.12.14"]
[Round "1"]
[White "DJefferis"]
[Black "mp3"]
[Result "1-0"]
[WhiteElo "1199"]
[BlackElo "1602"]

1. e4 e5 2. Nf3 d6 3. Bc4 h6 4. Nc3 a6 5. a3 b5 6. Ba2 c5 7. d3 Bg4 8. Be3 Nf6
9. Qd2 Be7 10. Nd5 Nxd5 11. Bxd5 Ra7 12. b4 O-O 13. h3 Bxf3 14. gxf3 Bf6 15. Rg1
g5 16. h4 Kg7 17. hxg5 hxg5 18. Bxg5 Bxg5 19. Rxg5+ Kf6 20. Rh5 Rh8 21. Qg5# 1-0

[Event "AUTO-INT-2934"]
[Site "http://www.queenalice.com/game.php?id=1328083"]
[Date "2014.12.14"]
[Round "1"]
[White "DJefferis"]
[Black "SMB51"]
[Result "0-1"]
[WhiteElo "1282"]
[BlackElo "1741"]

1. e4 e5 2. Nf3 Nc6 3. Bc4 h6 4. Nc3 d6 5. d3 Bg4 6. h3 Bh5 7. Nxe5 Nxe5 8. Qxh5
Nf6 9. Qe2 a6 10. Bb3 Be7 11. Nd5 c6 12. Nxe7 Qxe7 13. O-O O-O 14. f4 Ned7 15.
Qf3 d5 16. exd5 Nxd5 17. Bxd5 cxd5 18. Qxd5 Nf6 19. Qf3 b5 20. Bd2 Rac8 21. c3
a5 22. a4 b4 23. c4 Qc5+ 24. Qf2 Qf5 25. Qf3 Rcd8 26. g4 Qxd3 27. Qxd3 Rxd3 0-1

[Event "AUTO-INT-2934"]
[Site "http://www.queenalice.com/game.php?id=1328084"]
[Date "2014.12.14"]
[Round "1"]
[White "SMB51"]
[Black "DJefferis"]
[Result "1-0"]
[WhiteElo "1740"]
[BlackElo "1282"]

1. e4 e5 2. Nf3 Nc6 3. Bc4 Be7 4. Nc3 Nf6 5. h3 d6 6. Ng5 O-O 7. O-O a6 8. d3
Na5 9. Bxf7+ Rxf7 10. Nxf7 Kxf7 11. Qf3 Kg8 12. Qg3 g6 13. Bh6 Be6 14. a3 Nh5
15. Qe3 Nc6 16. g4 Ng7 17. f4 exf4 18. Bxf4 Qd7 19. Nd5 Bf8 20. Nf6+ 1-0

[Event "AUTO-BEG-621"]
[Site "http://www.queenalice.com/game.php?id=1333054"]
[Date "2015.1.5"]
[Round "1"]
[White "Laucin"]
[Black "DJefferis"]
[Result "0-1"]
[WhiteElo "1218"]
[BlackElo "1346"]

1. d4 d5 2. c3 c6 3. Nf3 Nf6 4. e3 Bg4 5. Be2 e6 6. Ne5 Bxe2 7. Qxe2 Nbd7 8. Nf3
Bd6 9. h4 Qc7 10. O-O O-O 11. Ng5 h6 12. Nf3 e5 13. e4 exd4 14. cxd4 Nxe4 15. a4
Rfe8 16. a5 a6 17. b3 Nf8 18. h5 Ng3 19. Qe1 Rxe1 20. Rxe1 Nxh5 21. Ra2 Ne6 22.
Be3 Nf6 23. Nbd2 Bb4 24. Nh4 Bxa5 25. Rb2 Ne4 26. Ndf3 Bxe1 27. Nxe1 Qa5 28.
Nef3 Qa1+ 29. Kh2 Qxb2 30. b4 Nxf2 31. Nf5 Ng4+ 32. Kg3 Nxe3 33. Ne7+ Kf8 34.
Nf5 Qxg2+ 35. Kh4 Qg4# 0-1

[Event "AUTO-BEG-621"]
[Site "http://www.queenalice.com/game.php?id=1333055"]
[Date "2015.1.5"]
[Round "1"]
[White "DJefferis"]
[Black "Laucin"]
[Result "1-0"]
[WhiteElo "1199"]
[BlackElo "1247"]

1. e4 e5 2. Nf3 f6 3. Bc4 Nh6 4. d3 Nc6 5. a3 Ng4 6. h3 Nh6 7. Nh4 Bb4+ 8. axb4
Nxb4 9. c3 Nc6 10. Qh5+ Nf7 11. Qxf7# 1-0

[Event "AUTO-BEG-621"]
[Site "http://www.queenalice.com/game.php?id=1333068"]
[Date "2015.1.5"]
[Round "1"]
[White "HugosPaynos"]
[Black "DJefferis"]
[Result "1-0"]
[WhiteElo "1151"]
[BlackElo "1249"]

1. Nf3 e6 2. d4 Nf6 3. c4 Be7 4. Nc3 O-O 5. h3 d5 6. cxd5 Nxd5 7. e3 c5 8. Be2
Nc6 9. O-O Nxc3 10. bxc3 b6 11. Bd2 cxd4 12. cxd4 Bb7 13. Nh2 Rc8 14. a3 Bf6 15.
Bf3 Ba8 16. Ng4 Be7 17. Qe2 Bd6 18. Rfc1 Ne7 19. Bxa8 Rxc1+ 20. Rxc1 Qxa8 21.
Bb4 Ng6 22. Bxd6 1-0

[Event "AUTO-BEG-621"]
[Site "http://www.queenalice.com/game.php?id=1333069"]
[Date "2015.1.5"]
[Round "1"]
[White "DJefferis"]
[Black "HugosPaynos"]
[Result "1/2-1/2"]
[WhiteElo "1269"]
[BlackElo "1219"]

1. e4 e6 2. d4 d5 3. exd5 exd5 4. c3 Be7 5. Bd3 Nf6 6. Nf3 O-O 7. O-O Bg4 8. Bg5
h6 9. Bh4 c6 10. Nbd2 Nbd7 11. Qc2 Bxf3 12. Nxf3 Kh8 13. Rfe1 Re8 14. Ne5 c5 15.
Nxd7 Nxd7 16. Bxe7 Rxe7 17. Rxe7 Qxe7 18. dxc5 Nxc5 19. Bf1 a6 20. Qd2 Ne4 21.
Qe3 Re8 22. Re1 Qd7 23. Rd1 Nf6 24. Qd3 Rd8 25. g3 b5 26. a3 Kg8 1/2-1/2

[Event "AUTO-BEG-621"]
[Site "http://www.queenalice.com/game.php?id=1333078"]
[Date "2015.1.5"]
[Round "1"]
[White "DJefferis"]
[Black "DAN1958"]
[Result "1-0"]
[WhiteElo "1301"]
[BlackElo "1338"]

1. e4 e5 2. Nf3 d6 3. Bc4 h6 4. Nc3 a6 5. a3 b5 6. Ba2 Be6 7. d4 Bxa2 8. Nxa2 f6
9. Nc3 c6 10. O-O Ne7 11. d5 c5 12. Be3 1-0

[Event "AUTO-BEG-621"]
[Site "http://www.queenalice.com/game.php?id=1333079"]
[Date "2015.1.5"]
[Round "1"]
[White "DAN1958"]
[Black "DJefferis"]
[Result "0-1"]
[WhiteElo "1338"]
[BlackElo "1265"]

1. e4 e6 2. f3 Bc5 3. d4 Bb6 4. e5 d6 5. Qe2 Bxd4 6. f4 dxe5 7. fxe5 Nc6 8. a3
Bxe5 9. Nf3 Bf6 10. c3 g6 11. Nbd2 Nge7 0-1

[Event "AUTO-BEG-622"]
[Site "http://www.queenalice.com/game.php?id=1335435"]
[Date "2015.1.18"]
[Round "1"]
[White "DJefferis"]
[Black "Laucin"]
[Result "1-0"]
[WhiteElo "1441"]
[BlackElo "1247"]

1. e4 e5 2. Nf3 f6 3. Bc4 Nh6 4. d3 Ng4 5. Nc3 h5 6. h3 h4 7. hxg4 g5 8. a3 Nc6
9. Be3 Na5 10. Ba2 d6 11. Nd2 Be6 12. Bxe6 Qe7 13. Bf5 h3 14. Rxh3 Rg8 15. Nd5
Qd8 16. Rh7 Bg7 17. Ke2 c6 18. Nc3 d5 19. Be6 Rf8 20. Rxg7 Qd6 21. d4 Qxe6 22.
f3 dxe4 23. Ncxe4 O-O-O 24. b4 Nc4 25. Nxc4 Qxc4+ 26. Qd3 Qe6 27. Nc5 Qe8 28.
Rxb7 a6 29. Qf5+ Rd7 30. Rxd7 Kb8 31. Rb7+ Ka8 32. Qd7 Qc8 33. Ra7+ Kb8 34.
Nxa6+ Qxa6+ 35. Rxa6 e4 36. Rb6+ Ka8 37. Qb7# 1-0

[Event "AUTO-BEG-622"]
[Site "http://www.queenalice.com/game.php?id=1335436"]
[Date "2015.1.18"]
[Round "1"]
[White "Laucin"]
[Black "DJefferis"]
[Result "0-1"]
[WhiteElo "1216"]
[BlackElo "1362"]

1. c4 e6 2. a4 Nf6 3. b3 Bc5 4. Nf3 h6 5. Nc3 a6 6. a5 d5 7. Na4 Ba7 8. Ne5 Nfd7
9. Ng4 h5 10. Ne3 Qf6 11. Nc2 Qxf2# 0-1

[Event "AUTO-BEG-623"]
[Site "http://www.queenalice.com/game.php?id=1341737"]
[Date "2015.2.15"]
[Round "1"]
[White "Antakira"]
[Black "DJefferis"]
[Result "0-1"]
[WhiteElo "1395"]
[BlackElo "1376"]

1. e4 e5 2. Nf3 Nc6 3. d4 exd4 4. Nxd4 Qh4 5. Nxc6 Qxe4+ 6. Qe2 Qxe2+ 7. Bxe2
dxc6 8. O-O Be6 9. Re1 O-O-O 10. Nc3 Bb4 11. Bd2 Rxd2 12. Rac1 Nf6 13. Bd3 Bxc3
14. bxc3 Nd5 15. c4 Nb4 16. Re2 Nxd3 0-1

[Event "AUTO-BEG-623"]
[Site "http://www.queenalice.com/game.php?id=1341738"]
[Date "2015.2.15"]
[Round "1"]
[White "DJefferis"]
[Black "Antakira"]
[Result "1-0"]
[WhiteElo "1426"]
[BlackElo "1399"]

1. e4 g6 2. Nf3 Bg7 3. Bc4 e6 4. Nc3 Nf6 5. d4 O-O 6. Bg5 c6 7. e5 h6 8. exf6
hxg5 9. fxg7 Kxg7 10. Qd2 f6 11. h4 Rh8 12. O-O-O g4 13. Ne1 Qc7 14. g3 d5 15.
Be2 f5 16. Ng2 b5 17. Qf4 Qe7 18. f3 Rf8 19. Bd3 b4 20. Na4 Bd7 21. Nc5 a5 22.
Nxd7 Nxd7 23. fxg4 Kf7 24. gxf5 exf5 25. Rde1 Qf6 26. Re3 Rh8 27. Rhe1 Rac8 28.
Re7+ Qxe7 29. Rxe7+ Kxe7 30. Qg5+ Nf6 31. Qxg6 Rcf8 32. Qg7+ Ke8 33. Qg6+ Kd8
34. Qxf5 Ne4 35. Qe5 Re8 36. Qb8+ Kd7 37. Qa7+ Kd6 38. Qxa5 Ra8 39. Qxb4+ Kc7
40. Qe7+ Kb6 41. Bxe4 dxe4 42. Qxe4 Rhd8 43. a3 Ra5 44. c3 Kb5 45. Qe3 Kc4 46.
Kc2 Kb5 47. Qg5+ Rd5 48. Qe3 Ka6 49. Nf4 Rdb5 50. Nd3 Rb6 51. Nb4+ Ka7 52. Qe4
c5 53. Nc6+ 1-0

[Event "AUTO-BEG-623"]
[Site "http://www.queenalice.com/game.php?id=1341755"]
[Date "2015.2.15"]
[Round "1"]
[White "DJefferis"]
[Black "Kuroi"]
[Result "1-0"]
[WhiteElo "1398"]
[BlackElo "1340"]

1. e4 e5 2. Nf3 Nc6 3. Bc4 h6 4. Nc3 Nf6 5. d3 g5 6. Nd5 b6 7. h4 g4 8. Nh2 h5
9. Bg5 Bg7 10. g3 O-O 11. O-O d6 12. f4 gxf3 13. Rxf3 Nd4 14. Rf2 c6 15. Nxf6+
Bxf6 16. Bxf6 Qd7 17. Qxh5 Qh3 18. Qh8# 1-0

[Event "AUTO-BEG-623"]
[Site "http://www.queenalice.com/game.php?id=1341756"]
[Date "2015.2.15"]
[Round "1"]
[White "Kuroi"]
[Black "DJefferis"]
[Result "0-1"]
[WhiteElo "1323"]
[BlackElo "1413"]

1. e4 e6 2. Nc3 d5 3. d4 Bb4 4. Qf3 dxe4 5. Qxe4 Nf6 6. Qe5 Nc6 7. Qg3 Rg8 8.
Bg5 Qxd4 9. Bxf6 Qxf6 10. O-O-O Bxc3 11. bxc3 Qe5 12. Ne2 Qxg3 13. Nxg3 e5 14.
Bd3 g6 15. Ne4 Ke7 16. Ng5 h6 17. Ne4 f5 18. Bc4 Rd8 19. Nd2 Be6 20. Bb3 a5 21.
a4 Rd7 22. Nf3 Rxd1+ 23. Rxd1 g5 24. h4 g4 25. Nh2 Rd8 26. Rxd8 Nxd8 27. g3 Nf7
28. Nf1 Nd6 29. Ne3 Ne4 30. Nd1 Nc5 31. Bxe6 Kxe6 32. Nb2 Kd5 33. Nd1 Nxa4 34.
Ne3+ Ke6 35. c4 Nb6 36. Kb2 h5 37. Kb3 Nd7 38. Ka4 b6 0-1